[Event "Stepanakert-B"]
[Site "Stepanakert"]
[Date "2005.10.08"]
[Round "6"]
[White "Sveshnikov, Evgeny"]
[Black "Yegiazarian, Arsen"]
[Result "0-1"]
[WhiteElo "2507"]
[BlackElo "2537"]
[Annotator "Finkel,A"]
[PlyCount "106"]
[EventDate "2005.10.02"]
[EventType "tourn"]
[EventRounds "9"]
[EventCountry "ARM"]
[EventCategory "11"]
[SourceTitle "CBM 110"]
[Source "ChessBase"]
[SourceDate "2006.01.31"]
[SourceVersion "1"]
[SourceVersionDate "2006.01.31"]
[SourceQuality "1"]

1. e4 d5 2. exd5 Qxd5 3. Nc3 Qd6 $5 {This move is definitely the most popular
one in the Scandinavian defense.} 4. d4 Nf6 5. g3 ({More ambitious is} 5. Nf3)
5... Bg4 6. Nf3 $6 Nc6 (6... a6 7. Bg2 Nc6 8. O-O O-O-O 9. d5 Nb4 10. Bf4 Qc5
11. Be3 Qd6 12. h3 Bh5 13. Bf4 Qc5 14. Be3 Qd6 15. Qe2 Nbxd5 16. Nxd5 Nxd5 17.
Rad1 $44 {Ibarra Jerez,J-Trent,L/Chalkidiki 2003}) 7. Bg2 O-O-O $132 {In my
opinion Black is doing great due to the weakness of White's pawn on d4.} 8. h3
(8. Be3 Qb4 9. Qc1 Bxf3 10. Bxf3 Nxd4 11. Bxd4 Qxd4 12. O-O Qd2 13. Qb1 Qg5 14.
a4 e6 $15 {Lakos,N-Kaps,D/Punat 2003}) 8... Bh5 (8... Bxf3) 9. O-O e5 10. g4 $6
{Overestimating his chances in the forthcoming struggle White avoides an
exchange of the queens which leads to equality.} (10. dxe5 Nxe5 11. Qxd6 Bxd6
$11) 10... exd4 11. Nb5 Qc5 12. Nbxd4 Nxd4 13. Be3 Bg6 (13... Qb6) 14. Nxd4 $6
(14. Bxd4 Qb5 15. Qc1 Bc5 16. c3 Bxd4 17. Nxd4 Qb6 $13) 14... Qe5 15. g5 $6 {
Forcing the knight to go to d5, while it's heading there anyway.} ({It was
necessary to play} 15. c3 $142 Nd5 $140 $2 16. Nb5 $1 a6 17. Na7+ (17. c4 $2
Nxe3 $1 18. Na7+ Kb8 19. Nc6+ bxc6 20. Qxd8+ Ka7 21. fxe3 Qxe3+ 22. Kh1 Bd6 $19
{[%csl Rh1]}) 17... Kb8 18. Qb3 Ka8 19. Rfd1 $36 {[%csl Rd5,Rd8]}) 15... Nd5
16. Qf3 ({It's too late for} 16. Nb5 a6 {as White's queen can't come to b3} 17.
Qg4+ Bf5 18. Qd4 Qxd4 19. Nxd4 Nxe3 20. fxe3 Bg6 $15) 16... c6 17. Rfe1 Bd6 ({
Black is on guard. The immediate capture on e3 led to a disaster.} 17... Nxe3
$2 18. Nxc6 $1 bxc6 19. Qxc6+ Qc7 20. Qa6+ Kb8 21. Rxe3 Bc5 22. Rc3 $18) 18.
Qg4+ Rd7 19. Rad1 $6 {The final mistake after which there is no way back.} (19.
Nf3) 19... f5 20. Qf3 Re8 $17 21. c4 Qh2+ 22. Kf1 Nxe3+ 23. Rxe3 Rxe3 24. Qxe3
Qf4 $1 {[%csl Rg5] Forcing a trade of the queens after which White can't
protect the pawn on g5.} 25. b3 Qxe3 26. fxe3 Be7 {[%cal Gc6c5]} 27. Ke2 Bxg5 {
The rest is just a matter of technique.} 28. Rf1 Bh5+ 29. Bf3 Bxf3+ 30. Rxf3 g6
31. Ne6 Bf6 32. Nc5 Re7 33. Nd3 Kc7 34. Nf4 Bg5 35. Nd3 b6 36. Kd2 Kd6 37. Nf2
Bh4 $1 {[%cal Ge7e4,Ge4h4]} 38. Nd3 Re4 39. a4 Bf6 40. Nf2 Rh4 41. Kd3 Ke6 42.
Ke2 g5 43. Nd3 h5 44. Nb4 g4 45. hxg4 fxg4 46. Rf2 Rh1 47. Nxc6 h4 48. Rf1 Rh2+
49. Kd3 g3 50. Ke4 Rf2 51. Rg1 g2 52. Nb4 h3 53. Nd3 h2 0-1

[Event "New York op"]
[Site "New York"]
[Date "1997.??.??"]
[Round "?"]
[White "Onischuk, Alexander"]
[Black "Thorhallsson, Throstur"]
[Result "1/2-1/2"]
[WhiteElo "2580"]
[BlackElo "2500"]
[Annotator "Finkel,A"]
[PlyCount "49"]
[EventDate "1997.04.02"]
[EventType "swiss"]
[EventRounds "9"]
[EventCountry "USA"]
[SourceTitle "CBM 057 Extra"]
[Source "ChessBase"]
[SourceDate "1997.05.01"]
[SourceVersion "1"]
[SourceVersionDate "1997.05.01"]
[SourceQuality "1"]

1. e4 d5 2. exd5 Nf6 3. c4 e6 4. dxe6 Bxe6 5. Nf3 Nc6 6. d3 $5 {Quiet rare
continuation.Usually white meets this risky gambit with 6.d4 which leads to
very complicated game,where black does'nt have full compenstion for a
sacrificed pawn} Bc5 7. Be3 (7. Be2 $6 Qe7 8. O-O O-O-O 9. Qa4 h6 $5 10. Nc3 g5
11. Be3 g4 {with more than a compensation;Vavra,P-Biolek,R/St.Mesto op 1992 
(55)}) 7... Bxe3 8. fxe3 Ng4 (8... Qe7 9. Nc3 (9. Be2 $6 O-O-O 10. Na3 (10. Qb3
$6 Ng4 11. d4 Bf5 $17) 10... Bf5 11. Nc2 Ng4 12. Nfd4 Nxe3 13. Nxf5 Nxf5 14.
O-O Ne3 15. Nxe3 Qxe3+ 16. Kh1 Ne5 $15) 9... O-O-O 10. Qe2 Rhe8 11. O-O-O Bg4
12. Re1 $14) 9. Qe2 Qf6 10. Nc3 $2 (10. d4 $5 Qh6 11. d5 O-O-O 12. Nc3 (12.
dxc6 $2 Bxc4 $1 13. cxb7+ Kb8 14. Qxc4 Qxe3+ 15. Qe2 Qc1+ $19) (12. dxe6 Nb4
13. Nc3 Nd3+ 14. Qxd3 Rxd3 15. Bxd3 Qxe3+ 16. Be2 Qf2+ 17. Kd2 Rd8+ $36) 12...
Nce5 13. Nxe5 Nxe5 14. dxe6 Nd3+ 15. Qxd3 Rxd3 16. Bxd3 Qxe3+ 17. Be2 fxe6 18.
Rf1 $14) 10... Qh6 $1 11. Nd5 Bxd5 $6 (11... O-O-O $1 12. e4 (12. Nf4 Rhe8 13.
Nxe6 (13. g3 $2 Nxe3 $1 $19) (13. O-O-O Bf5 14. Nd5 Nxe3 $17) 13... Nxe3 $1 14.
Nxd8 (14. Nfg5 Nc2+ $1 15. Qxc2 Qxg5 $17) 14... Nc2+ 15. Kd1 Rxe2 16. Bxe2 Nxa1
17. Nxf7 Qf6 $1 $19) 12... f5 13. g3 Rhe8 14. Bg2 fxe4 15. dxe4 Bxd5 16. cxd5
Rxd5 $19) 12. cxd5 Nb4 13. e4 O-O (13... Ne3 14. Kf2 Nbc2 15. Rb1 f5 16. Kg1
O-O $36) 14. Qd2 Qb6 15. a3 Nxd5 $1 16. exd5 Rfe8+ 17. Be2 Qf2+ 18. Kd1 Re7 (
18... Ne3+ $6 19. Kc1 Nc2 20. Qxc2 Rxe2 21. Qc3 $1 (21. Qxc7 Qxg2) 21... Rd8
22. Kb1 Rxd5 23. Re1 $18) 19. d4 (19. Bf1 $5) 19... Rxe2 $1 {After this move
the draw is inevitable} 20. Qxe2 Ne3+ 21. Kd2 Nc4+ 22. Kd3 Nxb2+ 23. Kd2 Nc4+
24. Kd3 Nb2+ 25. Kd2 {Very sharp and interesting game} 1/2-1/2

[Event "Bundesliga 0809"]
[Site "Germany"]
[Date "2008.11.28"]
[Round "7.3"]
[White "Fressinet, Laurent"]
[Black "Feygin, Michael"]
[Result "1-0"]
[WhiteElo "2673"]
[BlackElo "2569"]
[Annotator "Fressinet/Meyer,CD"]
[PlyCount "50"]
[EventDate "2008.10.03"]
[EventType "team-tourn"]
[EventRounds "15"]
[EventCountry "GER"]
[SourceTitle "CBM 127 Extra"]
[Source "ChessBase"]
[SourceDate "2009.01.08"]
[SourceVersion "2"]
[SourceVersionDate "2009.01.28"]
[SourceQuality "1"]
[WhiteTeam "Werder Bremen"]
[BlackTeam "Emsdetten"]
[WhiteTeamCountry "GER"]
[BlackTeamCountry "GER"]

{To be quite honest, it's always a bit complicated for me to prepare for a
Bundesliga weekend. For example with the white pieces my first move (e4 or d4)
depends on my opponent's repertoire. But at this team competition I normally
have to check several candidates and consequently it's hardly possible to
prepare deeply.} 1. e4 {Feygin mainly chooses the French Defence.} d5 {When he
touched his d-pawn, I immediately remembered that sometimes he also plays the
Scandinavian with Qd6. Therefore I had planned to check my personal notes, but
for some reason I totally forgot about it.} 2. exd5 Qxd5 3. Nc3 Qd6 4. d4 Nf6 (
{Christian Bauer tried} 4... c6 {against me in the French championship in
August, and after} 5. Nf3 Bg4 6. Be3 Nf6 {it's just a transposition to this
game.}) 5. Nf3 c6 6. Be3 {The main line runs with 6.Ne5, but beeing unprepared
I didn't want to enter my opponent's preparation. After 6.Be3 Feygin started
to think a little longer, and in my opinion his next move is not precise.} Bg4
$6 ({I think that} 6... Bf5 {is more precise. During the game I hadn't decided
on my reply yet but probably I would have continued with} 7. Qd2 {It is hard
to say if White will achieve anything from the opening, e.g.:} e6 (7... Nbd7 8.
O-O-O e6 9. Nh4 Bg6 10. f3 Qc7 11. Nxg6 hxg6 12. Ne4 Nd5 13. Bf2 b5 14. Kb1
N7b6 15. Bg3 Qd8 16. c3 Be7 17. Bd3 Na4 18. Rhe1 O-O 19. Qc1 f5 20. Nd2 $4 (20.
Nc5 Nxc5 21. dxc5 Qc8 $13) 20... Ba3 $1 21. bxa3 Ndxc3+ 22. Kc2 Nxd1 $17 {
0-1/36, Enders,P (2456)-Cicak,S (2534)/Germany 2005}) 8. Ne5 Qd8 9. a3 Nbd7 10.
Nxd7 Qxd7 11. Be2 Be7 12. O-O O-O 13. Bf3 Rfd8 14. Rfd1 Qc7 15. Qe2 Rd7 16. Rd2
Rad8 17. Rad1 h6 {1/2-1/2 Baramidze,D (2554)-Muse,M (2447)/Germany 2006}) 7. h3
Bxf3 ({Bauer played} 7... Bh5 {and after} 8. g4 Bg6 9. Ne5 Nbd7 10. Nxg6 hxg6
11. Qf3 e6 12. O-O-O Qc7 {This is very similar to the game.} 13. Kb1 Bb4 14.
Ne4 Nxe4 15. Qxe4 Nf6 16. Qf3 Nd5 17. Bc1 {1/2-1/2 Fressinet,L (2673)-Bauer,C 
(2583)/Pau FRA 2008/The Week in Chess 719 (42). White got a pleasant position.}
) 8. Qxf3 Nbd7 9. O-O-O e6 10. Kb1 Qc7 ({If Black plays} 10... O-O-O {then} 11.
g4 {and the f7 pawn is weak.}) 11. g4 $1 {In einer Reihe von Möglichkeiten mag
Schwarz nun mit ...h6 relativ am besten fahren.} Nd5 $6 ({Zweifelhaft bis
schlecht, ähnlich wie die Alternativen - abgesehen von ...h6. Man sehe: I} 
11... Bb4 $6 12. g5 $1 Nd5 (12... Bxc3 $4 13. gxf6 Qb6 14. Bc1 {nebst fxg7+-,
z.B.} Bxd4 15. fxg7 Bxg7 (15... Rg8 16. c3) 16. Rxd7) 13. Ne4 $16 O-O (13... b5
14. h4) 14. h4) ({II} 11... h6 $142 $5 12. h4 O-O-O 13. Rg1 Nb6 14. g5 hxg5 15.
hxg5 Nfd5 16. Bc1 Nxc3+ 17. Qxc3 Bd6 (17... g6 $142) 18. g6 $14 {remis/35,
Edouard,R (2404)-Govciyan,P (2397)/Besancon 2006}) ({III} 11... Nb6 $6 12. Bf4
Bd6 13. Bxd6 Qxd6 14. g5 Nfd5 15. Ne4 Qc7 16. c4 Ne7 17. c5 Nbc8 18. h4 $16 {
1-0/53, Vanek,T (2218)-Kantorik,M (2364)/Litomysl 2006}) 12. Bc1 ({Zwar nicht
übel, aber stärker ist} 12. Nxd5 $142 $1 {, z.B.} cxd5 13. Rc1 {/\c4} Bd6 14.
c4 $16 dxc4 $6 (14... Qa5 15. cxd5 {/\Bg2}) 15. Bxc4 Qa5 16. Qxb7 {1-0/22,
Malbran,G (2303)-Menon,D (2106)/Villa Martelli 2004}) 12... Nxc3+ 13. Qxc3 Bd6
$6 (13... O-O-O {was preferable but nevertheless White is better thanks to his
pair of bishops.} 14. Qf3 Nb6 15. c4 $14) 14. Qf3 Nf6 $2 {A clear mistake in
an uncomfortable position. Short castling would be too dangerous for Black
because White would just push his pawns on the kingside .Alternatives:} ({I} 
14... Nb6 $6 15. c4 c5 16. dxc5 Bxc5 17. Bf4 (17. b3 $14) 17... e5 (17... Qe7
18. Bg2) 18. Qe4 f6 19. Bg3 O-O 20. Bg2 Rf7 21. f4 $16) ({II} 14... Qd8 $5 {
Wahrscheinlich am besten: Schwarz muß schnell die lange Rochade anstreben,
vorher jedoch den Punkt f7 decken.} 15. g5 Qe7 {/\0-0-0}) 15. g5 $1 Ng8 {
A sad necessity} ({If} 15... Nd5 {provokes} 16. c4 Nb4 (16... Ne7 17. c5 $18)
17. a3 Na6 18. c5 Be7 19. Bf4 Qd7 20. Be5 $16) 16. c4 {Now White's plan is
obvious: Quick opening of the position!} Qd7 (16... Ne7 $2 {has a decisive
drawback:} 17. c5 Bh2 18. Rxh2 Qxh2 19. Bf4 Qg1 20. Bc4 Qxd1+ 21. Qxd1 $18) 17.
d5 cxd5 18. cxd5 e5 19. h4 $1 {Now White's king bishop will enter the action а
tempo.} Ne7 (19... f5 {During the game I considered this as the only move, but
it's equally hopeless:} 20. gxf6 Nxf6 21. Bh3 Qa4 22. Rhg1 O-O 23. Bh6 $18) 20.
Bh3 Qa4 21. h5 O-O $2 {A poor defensive move, but my opponent was in time
trouble and I felt that he was already resigned to his defeat!} ({Deutlich
zäher war} 21... Rd8 {, z.B.} 22. h6 gxh6 23. gxh6 ({oder} 23. Bg4 Ng6 (23...
hxg5 24. Bxg5) 24. Rxh6) 23... Rg8 24. Rhg1 Rg6 25. Rxg6 Nxg6 26. Bg5 Be7 27.
Bxe7 Kxe7 (27... Nxe7 28. d6) 28. d6+ $16 {/+-, wenngleich Schwarz in jedem
Fall nur hinhaltenden Widerstand leisten kann.}) 22. h6 gxh6 ({I} 22... f5 23.
gxf6 gxf6 (23... Rxf6 24. Be6+ Kh8 25. hxg7+ Kxg7 26. Rxh7+ {nebst Mattsetzung}
) 24. Rhg1+ Kh8 (24... Ng6 25. Bf5) 25. Bf5 $40 {+- mit durchschlagendem
Angriff}) ({II} 22... e4 23. Qc3 $18) 23. Bf5 $1 $18 ({Wesentlich
zielstrebiger als} 23. gxh6 f5 24. Rhg1+ Kh8 25. Rg7 Rac8 26. b3 {/\Bb2, was
allerdings auch nicht von Pappe ist.}) 23... Ng6 24. Qh5 Rfd8 25. Qxh6 Nf8 ({
Black resigned in view of} 25... Nf8 26. Bxh7+ Nxh7 27. Qxh7+ ({or} 27. g6 Qe4+
28. Ka1 Qxg6 29. Rdg1) 27... Kf8 28. Qf5 {followed by mate. A good start for
our team and at that time the match looked favourable for us, but strangely
enough the next (and decisive) victory only came three hours later when our
man at the last board luckily won a worse ending.}) 1-0

[Event "Copenhagen Open-03 (Politiken Cup-02)"]
[Site "Copenhagen"]
[Date "1981.06.27"]
[Round "7"]
[White "Jansa, Vlastimil"]
[Black "Taulbut, Shaun M"]
[Result "0-1"]
[WhiteElo "2495"]
[BlackElo "2380"]
[Annotator "Ftacnik,L"]
[PlyCount "110"]
[EventDate "1981.06.20"]
[EventType "swiss"]
[EventRounds "10"]
[EventCountry "DEN"]
[SourceTitle "EXT 2000"]
[Source "ChessBase"]
[SourceDate "1999.11.16"]
[SourceVersion "1"]
[SourceVersionDate "1999.11.16"]
[SourceQuality "1"]

1. e4 d5 2. exd5 Qxd5 3. Nc3 Qa5 4. d4 Nf6 5. Nf3 Bf5 6. Bd2 c6 7. Bc4 e6 8.
Qe2 Bb4 9. Ne5 $1 Nbd7 10. O-O-O Nxe5 11. dxe5 Nd7 $6 (11... Nd5 $142 12. Bxd5
exd5 (12... cxd5 13. Qb5+) 13. g4 Bd7 $16) 12. a3 b5 (12... Bxc3 13. Bxc3 Qc7
14. Bb4 $1 $18) 13. Ba2 (13. Bb3 Nc5) 13... Bxa3 $5 14. bxa3 Qxa3+ 15. Kb1 O-O
(15... Nb6 $2 16. Nxb5) 16. Bc1 Qb4+ 17. Bb2 Nb6 18. Ka1 Rab8 19. Nb1 Nc4 20.
Bc3 Qa4 21. Rd4 Rb6 $6 (21... c5) 22. Rxc4 bxc4 23. Qxc4 Qxc2 24. Bd4 $1 Qxc4
25. Bxc4 Rb4 26. Na3 Ra4 $6 (26... Rd8) 27. Ka2 $2 (27. Bc5 Rb8 28. f3) 27...
Rb8 28. Bc3 $6 (28. Rc1 Be4) 28... Be4 29. f3 $2 Rxc4 30. Nxc4 Bd5 31. Bd4
Bxc4+ 32. Ka3 a5 33. Rc1 Bd5 34. Rc3 Rb1 35. Rd3 Rc1 36. Bb2 Rc2 37. g3 Rxh2
38. f4 h5 39. Rc3 Rf2 40. Rc5 Rf3+ 41. Rc3 Rf2 42. Rc5 h4 43. gxh4 Rxf4 44. h5
Rf3+ 45. Rc3 Rf5 46. Rh3 Rf3+ 47. Rxf3 Bxf3 48. Ka4 Bxh5 49. Kxa5 Bf3 50. Kb6
Kh7 51. Kc5 g5 52. Kd4 Kg6 53. Ke3 Bd5 54. Ba3 Kf5 55. Bd6 g4 0-1

[Event "Reggio Emilia 50th"]
[Site "Reggio Emilia"]
[Date "2008.01.04"]
[Round "7"]
[White "Gashimov, Vugar"]
[Black "Tiviakov, Sergei"]
[Result "1-0"]
[WhiteElo "2664"]
[BlackElo "2643"]
[Annotator "Ftacnik,L"]
[PlyCount "61"]
[EventDate "2007.12.29"]
[EventType "tourn"]
[EventRounds "9"]
[EventCountry "ITA"]
[EventCategory "16"]
[SourceTitle "CBM 122"]
[Source "ChessBase"]
[SourceDate "2008.01.30"]
[SourceVersion "1"]
[SourceVersionDate "2008.01.30"]
[SourceQuality "1"]

1. e4 d5 2. exd5 Qxd5 3. Nc3 Qd6 4. d4 Nf6 5. Nf3 c6 6. Ne5 Nbd7 7. Bf4 Nd5 8.
Nxd5 (8. Nxd7 Qxd7 9. Be5 Nxc3 10. bxc3 Qd5 11. f3 Bf5 12. Bd3 Bxd3 13. Qxd3 f6
14. Bg3 Rd8 15. O-O $14 {Sedlak,N-Benkovic,P/Subotica 2003}) 8... Nxe5 {
Tiviakov has had some experience with this line. The exchange of the knights
tries to sidestep the unpleasant retreat of the white knight to f3, that Ni
Hua used in round 5.} (8... Qxd5 9. Be2 $5 (9. Qd3 Nxe5 10. dxe5 Qa5+ 11. c3 g6
12. Qe3 Be6 13. Be2 Bg7 14. a4 O-O 15. b4 Qd5 16. O-O Rfd8 17. a5 g5 18. Bg3
Qd2 19. Rfd1 Qxe3 20. fxe3 {1/2 Howell,D (2519)-Tiviakov,S (2648)/Ottawa 2007/
(37)}) (9. Nf3 Nf6 10. Be2 Bg4 11. O-O e6 12. h3 Bxf3 13. Bxf3 Qd7 14. c4 Bd6
15. Bg5 Be7 16. Qb3 O-O 17. Rfd1 Rfd8 18. Bf4 a5 19. a3 a4 20. Qc2 {1-0 Ni Hua
(2641)-Tiviakov,S (2643)/Reggio Emilia 2008/ (41)}) 9... Nxe5 10. Bxe5 Qxg2 $1
11. Bf3 Qg6 12. d5 (12. Qe2 $5 Bf5 (12... Qe6 $5) (12... h5 13. h3 f6 14. Bh2
Qg5 15. d5 cxd5 16. Rg1 Qf5 17. O-O-O Be6 18. Qb5+ Kf7 19. Bxd5 Rc8 20. Bxe6+
Qxe6 21. Qxb7 Qxh3 $13 {1/2 Almasi,Z (2664)-Varga,Z (2508)/Hungary 2007/ (26)})
13. O-O-O Rd8 14. Kb1 $36) 12... Bg4 $1 13. dxc6 bxc6 14. Qe2 Bxf3 15. Qxf3 Rd8
(15... Qxc2 16. O-O Qg6+ 17. Kh1 Rc8) 16. Rd1 Qe6 (16... Rxd1+ $5 17. Kxd1 Qe6
18. Re1 Qd5+ 19. Qxd5 cxd5 20. Bd4 a6 21. Re3 e6 22. Rb3 Bd6 23. Rb6 Kd7 $132)
17. O-O Rxd1 18. Rxd1 h5 19. Qd3 Qc8 (19... f6 $2 20. Qg6+ Qf7 21. Rd8+ Kxd8
22. Qxf7 $18) 20. h4 $1 {1/2 Anand,V (2792)-Tiviakov,S (2669)/Wijk aan Zee
2006/ (50)}) 9. Ne3 (9. dxe5 Qxd5 10. Qxd5 cxd5 11. c4 dxc4 12. Bxc4 Bd7 13.
O-O $14) (9. Bxe5 Qxd5 10. Be2 Qxg2 11. Bf3) 9... Nd3+ 10. Qxd3 (10. Bxd3 Qxf4
11. c3 g6 12. O-O Bg7 $11) 10... Qxf4 11. d5 cxd5 $6 {The first step in the
completely wrong direction. Black can not afford the luxury of not
contributing to his development.} (11... Qb4+ 12. c3 Qxb2 13. Rb1 Qxa2 14. Be2
e6 15. dxc6 bxc6 16. O-O $36) (11... Bd7 12. O-O-O e6 13. g3 Qa4 14. dxe6 Bxe6
15. a3 Be7 $11) 12. Qxd5 (12. Nxd5 Qe5+ 13. Be2 e6 14. Ne3 Qxb2 15. O-O Be7 $11
) 12... e6 $2 (12... Bd7 13. O-O-O Qc7 14. Bb5 Bxb5 15. Qxb5+ Qc6 16. Qxc6+
bxc6 17. Rd3 $16) 13. Bb5+ Ke7 14. Qd2 Qd6 15. Qe2 {When you get right down to
it, this position is nearly hopeless for the defender. Gashimov will try his
best to prove that the king on e7 is on a suicide mission.} Kf6 (15... Qb4+ 16.
c3 Qc5 17. O-O-O $16) (15... g6 16. Rd1 Qc5 17. Nd5+ Kd6 18. c4 $18) 16. Qf3+
Ke7 (16... Kg6 17. Bd3+ f5 18. g4 Qb4+ 19. Kf1 $18) 17. Qe2 Kf6 18. Qf3+ Ke7
19. O-O Qc5 (19... Qe5 20. a4 f6 21. Rfd1 $16) 20. Ba4 g6 (20... f5 21. Rad1
Kf7 22. Rd3 Be7 23. Rfd1 $16) 21. Rfe1 Bg7 22. Rad1 {The gloves are off for
White, as he has managed to bring the last reserve on to an attacking square.}
(22. Nd5+ Kf8 23. b4 Qd6 24. Rad1 Bb2 25. Be8 $5 f5 26. Qb3 Bg7 27. Bb5 $16)
22... Bxb2 (22... f5 23. b4 $1 $18) 23. c3 $1 {[%mdl 128] Sealing off the only
developed black piece is symbolic as well as practical. Instead of improving
the coordination of his own forces Black will be occupied with saving the
piece which has strayed.} (23. Bb3 a5 24. Nc4 a4 (24... Bf6 25. Nd6 Qc3 26. Re3
Qc6 27. Qf4 g5 $14) 25. Nxb2 axb3 26. axb3 $16) 23... f5 24. Rb1 Ba3 (24... Qa5
25. Bb3 Ba3 26. Qf4 Re8 27. Nc4 Qa6 28. Qh4+ Kf8 29. Qxh7 $18) 25. Rb5 Qc6 26.
Qg3 Bd7 (26... f4 27. Qxf4 Bd6 28. Qh4+ Kf7 29. Rf5+ gxf5 30. Bxc6 $18) (26...
Bd6 27. Nxf5+ gxf5 28. Qg7+ Kd8 29. Rb4 $18) 27. Nxf5+ $1 {The punishment for
Tiviakov is brutal, but very justified - Black cannot ingnore the basic chess
maxims without serious consequences.} Kd8 (27... gxf5 28. Qg7+ Kd8 (28... Kd6
29. Rd1+ Kc7 30. Rxd7+ $18) 29. Qxh8+ Kc7 30. Qxa8 $18) 28. Rb4 Qc7 (28... Qd5
29. Rd4 $18) 29. Qh4+ Kc8 30. Bxd7+ Kxd7 (30... Qxd7 31. Rc4+ Kb8 32. Qf4+ $18)
31. Qe7+ (31. Qe7+ Kc8 32. Nd6+ $18) 1-0

[Event "Rostock-08 IM Group"]
[Site "Rostock"]
[Date "1982.08.16"]
[Round "3"]
[White "Tischbierek, Raj"]
[Black "Zoltek, Tadeusz"]
[Result "1-0"]
[WhiteElo "2370"]
[BlackElo "2300"]
[Annotator "Ftacnik,L"]
[PlyCount "91"]
[EventDate "1982.08.14"]
[EventType "tourn"]
[EventRounds "9"]
[EventCountry "DDR"]
[EventCategory "4"]
[SourceTitle "MCL"]
[Source "ChessBase"]
[SourceDate "1999.07.01"]
[SourceVersion "1"]
[SourceVersionDate "1999.07.01"]
[SourceQuality "1"]

1. e4 d5 2. exd5 Qxd5 3. Nc3 Qd8 4. Bc4 (4. d4) 4... g6 5. Nf3 Bg7 6. d4 Nh6 7.
Bf4 (7. Ne4 Nf5 8. c3 Nd6 9. Bd3 O-O 10. O-O $14) 7... Nf5 8. Nd5 Nd6 9. Bb3 c6
10. Ne3 Nd7 11. O-O Nf6 12. Qe2 O-O 13. Rad1 Ng4 14. Nc4 Nxc4 15. Bxc4 Nf6 16.
Rfe1 b5 17. Bb3 Nd5 18. Bg3 Bg4 19. h3 Bxf3 20. Qxf3 e6 21. c3 a5 22. Bc2 a4
23. a3 Qd7 24. h4 h5 25. Be5 Qe7 26. Qg3 Rfd8 27. Rd3 Bf6 28. Re4 Bg7 29. Rf3
Kh7 30. Bxg7 Kxg7 31. Qe5+ Kg8 32. g4 Nb6 33. gxh5 Rd5 34. Qg3 Rxh5 35. Rg4 Kh8
36. Rxf7 $1 Qxf7 37. Bxg6 Qf6 38. Bxh5 Rf8 39. Rg6 Qf4 40. Qxf4 Rxf4 41. Rxe6
Rxh4 42. Be2 Nd5 43. Rxc6 Nf4 44. Bxb5 Rg4+ 45. Kf1 Rh4 46. Ke1 1-0